Así lo escuche, así lo cuento / (Registro nro. 30331)

Detalles MARC
000 -LEADER
fixed length control field 00357nam a22001337a 4500
003 - CONTROL NUMBER IDENTIFIER
control field OSt
005 - DATE AND TIME OF LATEST TRANSACTION
control field 20231124162739.0
008 - FIXED-LENGTH DATA ELEMENTS--GENERAL INFORMATION
fixed length control field 231124b |||||||| |||| 00| 0 eng d
040 ## - CATALOGING SOURCE
Transcribing agency CO-JMCR
082 ## - DEWEY DECIMAL CLASSIFICATION NUMBER
Classification number C /
Item number FERl
100 ## - MAIN ENTRY--PERSONAL NAME
Personal name Macias Fernando Luis /
Relator term autor
9 (RLIN) 42935
245 ## - TITLE STATEMENT
Title Así lo escuche, así lo cuento /
Statement of responsibility, etc. Luis Fernando macias
942 ## - ADDED ENTRY ELEMENTS (KOHA)
Source of classification or shelving scheme Dewey Decimal Classification
Koha item type Books
Existencias
Withdrawn status Lost status Source of classification or shelving scheme Damaged status Not for loan Home library Current library Date acquired Total Checkouts Full call number Barcode Date last seen Price effective from Koha item type Public note
    Dewey Decimal Classification     Biblioteca Pública José María del Castillo y Rada Biblioteca Pública José María del Castillo y Rada 11/24/2023   C / FERl 35714005594490 11/24/2023 11/24/2023 Books Material interbibliotecario Bibliored